00676nam a2200193Ia 4500008004100000020001800041082001400059100002000073245004700093250000800140260004200148300003100190500001900221600002100240650005000261942000700311952014700318999001700465240925s9999 xx 000 0 und d a9788177583670 a006.3 RUS aRussell, Stuart 0aArtificial Intelligence: a modern approach a2nd aNew Delhi:bPearson Educationc,2009. aVarious pagesb0fOriginal aIncludes Index aComputer Science aComputer science, information & general works cBK 001040708CSaUITUbUITUd2016-11-18eParamount Book Pvt Ltdg1222.00l1o006.3 RUSpQ11046r2025-10-31 16:24:22s2025-10-31w2024-09-25yBK c13545d13545